Πελάτης ο προ πάντων και υπέρ όλων προηγούμενος

Αποθηκεύτηκε σε:
Λεπτομέρειες βιβλιογραφικής εγγραφής
Κύριος συγγραφέας: Ρουχωτάς, Μάκης, 1923-2012
Μορφή: Βιβλίο
Γλώσσα:Greek
Δημοσίευση: [Αθήνα] : [Ασφαλιστική αγορά], 1985
Θέματα:
Ετικέτες: Προσθήκη ετικέτας
Δεν υπάρχουν, Καταχωρήστε ετικέτα πρώτοι!

MARC

LEADER 00000cam a2200000 i 4500
001 1/18913
008 120424s1985 gre d
035 |l 10112240 
040 |a GR-MY-UA  |b gre  |e aacr 
041 0 |a gre 
082 0 |a 658.812  |2 (22) 
100 1 |a Ρουχωτάς, Μάκης,   |d 1923-2012. 
245 1 0 |a Πελάτης ο προ πάντων και υπέρ όλων προηγούμενος /  |c του Μάκη Ρουχωτά 
260 |a [Αθήνα] :   |b [Ασφαλιστική αγορά],   |c 1985 
300 |a 136 σ.;  |c 24 εκ. 
650 0 0 |a Customer services. 
650 0 0 |a Customer relations. 
852 |a INST  |b SAMOS  |e 20120424  |h 658.812 ΡΟΥ  |p 005300033865  |q 005300033865  |t BK  |y 0 
901 |a BIBL3-2012-1 
909 |a Σ  |b 172204 
970 |a ΓΟΥΒΑΛΑ  |b ΒΑΣΩ  |z 2012/04/24